| 000 | 01397nam a2200361 c 4500 | ||
|---|---|---|---|
| 999 |
_c347742 _d347742 |
||
| 003 | BLK | ||
| 005 | 20250707092321.0 | ||
| 008 | 180409b bul|||||r ||||||| ||bul|| | ||
| 010 | _aKNG00113259000 | ||
| 020 | _a978-619-02-0553-1 | ||
| 040 | _aBLK | ||
| 041 |
_aBUL _cBUL |
||
| 080 |
_aЧилийска литература _b821.134.2(83) _x-31 _z821.134.2(83)-31 |
||
| 100 | 1 |
_aАлиенде, Исабел _eпърви автор _930822 |
|
| 139 |
_aАлиенде, Исабел _bА 54 |
||
| 245 | 1 | 0 |
_aПортрет в сепия _bРоман _cИсабел Алиенде; прев. от исп. Маня Асенова Костова. |
| 257 | _aCHI | ||
| 260 |
_bКолибри _c2019 _fСофия : Унискорп |
||
| 300 |
_a310 с. _c21 см |
||
| 380 | _aX | ||
| 500 | _aОриг. загл. Petrato en sepia / Isabel Allende. - Кн. е последна от трилогията след Къщата на духовете и Дъщеря на съдбата. | ||
| 653 | _aромани | ||
| 700 | 1 |
_aКостова, Маня Асенова _eпрев. от исп. _9277900 |
|
| 852 | _aЦб 219682 | ||
| 856 | 4 | _qpdf | |
| 856 | 4 | _qpdf | |
| 942 |
_cKNG _n0 _059 _s1 |
||
| 944 |
_aCR _c27.05.2004 _lВиолета Тройчева _k30552 |
||
| 944 |
_aED _c18.11.2014 _lф / _kЛюдмила_Стоянова |
||
| 999 | _d347742 | ||
| 999 | _d347742 | ||
| 999 | _d107962 | ||